The Gospel in a pagan society : (Record no. 5642)

MARC details
000 -LEADER
fixed length control field 00888cam a2200265 i 4500
001 - CONTROL NUMBER
control field 326480
003 - CONTROL NUMBER IDENTIFIER
control field GBCCL
005 - DATE AND TIME OF LATEST TRANSACTION
control field 20241126110546.0
008 - FIXED-LENGTH DATA ELEMENTS--GENERAL INFORMATION
fixed length control field 750822s1975 ilu b 000 0beng
010 ## -
-- 75007248
020 ## - INTERNATIONAL STANDARD BOOK NUMBER
International Standard Book Number 0877844844 :
Terms of availability $2.25
040 ## - CATALOGING SOURCE
Original cataloging agency DLC
Transcribing agency DLC
Modifying agency DLC
050 00 -
-- BV3793
-- .P7 1975
082 00 - DEWEY DECIMAL CLASSIFICATION NUMBER
Classification number 253.7
Item number PRI
100 1# - MAIN ENTRY--PERSONAL NAME
Personal name Prior, Kenneth Francis William.
9 (RLIN) 7049
245 14 - TITLE STATEMENT
Title The Gospel in a pagan society :
Remainder of title a book for modern evangelists /
Statement of responsibility, etc. Kenneth F. W. Prior.
260 ## - PUBLICATION, DISTRIBUTION, ETC.
Place of publication, distribution, etc. Downers Grove, Ill. :
Name of publisher, distributor, etc. InterVarsity Press,
Date of publication, distribution, etc. 1975.
300 ## - PHYSICAL DESCRIPTION
Extent 126 p. ;
Dimensions 18 cm.
504 ## - BIBLIOGRAPHY, ETC. NOTE
Bibliography, etc. note Includes bibliographical references.
600 00 - SUBJECT ADDED ENTRY--PERSONAL NAME
Personal name Paul,
Titles and other words associated with a name the Apostle, Saint.
9 (RLIN) 1848
630 00 - SUBJECT ADDED ENTRY--UNIFORM TITLE
Uniform title Bible.
Name of part/section of a work Acts, XVII, 16-34
General subdivision Criticism, interpretation, etc.
9 (RLIN) 10190
650 #0 - SUBJECT ADDED ENTRY--TOPICAL TERM
Topical term or geographic name entry element Evangelistic work.
9 (RLIN) 290
906 ## - LOCAL DATA ELEMENT F, LDF (RLIN)
a 7
b cbc
c orignew
d 2
e ocip
f 19
g y-gencatlg
942 ## - ADDED ENTRY ELEMENTS (KOHA)
Source of classification or shelving scheme Dewey Decimal Classification
Koha item type Books
Holdings
Withdrawn status Lost status Source of classification or shelving scheme Damaged status Not for loan Home library Current Library Shelving location Date acquired Total checkouts Full call number Barcode Date last seen Copy number Price effective from Koha item type
    Dewey Decimal Classification     GRACE BIBLE COLLEGE GRACE BIBLE COLLEGE Ministry & Mission 2018-04-03   253.7 PRI 003922 2025-05-01 c.1 2018-04-03 Books
© Grace Bible College Library 2025